| АИС "Историко-культурное наследие Беларуси" | ||
| Базовый | Расширенный | Профессиональный | Словарь персоналий | Тематический словарь | По видам объектов | История запросов Заказы | Регистрация | |
Запись в MARC-формате
| копировать MARC-запись |
=LDR 00000nx\\c2200241\\\45\\
=001 BY-NLB-ar73911
=005 20160330095641.6
=100 \\$a20001231arusy50\\\\\\ca0
=152 \\$apsbo
=160 \\$ae-bw
=215 \\$aКостюки, деревня (Борисовский район)
=300 1\$aИзвестна с 18 в. В 1748 г. – деревня в Великом княжестве Литовском. В 1777 г. – в графстве Холопеничи. С 1793 г. – в Российской империи, с 1795 г. – в Борисовском уезде Минской губернии. В 1917 г. – село в Кищинослободской волости Борисовского уезда. С 1919 г. – в БССР, с февраля 1919 г. – в Литовско-Белорусской ССР, с июля 1919 г. – в БССР. С 1924 г. – в Зембинском сельсовете Борисовского района Борисовского округа, с 1925 г. – центр сельсовета, с 09.06.1927 г. – Зембинского, с 22.09.1927 г. – снова Борисовского районов Минского округа, с 1938 г. – Минской области, с 1954 г. – в Великостаховском, с 1969 г. – в Веселовском сельсоветах.
=356 \\$aНаходится в Веселовском сельсовете Борисовского района Минской области.
=515 \\$5w$3BY-NLB-ar73912$aКасцюкі, вёска (Барысаўскі раён)
=801 \2$aBY$bBY-HM0000$c20111221
=801 \0$aBY$bBY-HM0000$c20001231
=801 \1$aBY$bBY-HM0000$c20040804
=810 \\$aГарады і вёскі Беларусі : энцыклапедыя. Т. 8. Мінская вобласць, кн. 1. — Мінск, 2010.
=810 \\$aНазвы населеных пунктаў Рэспублікі Беларусь : Мінская вобласць : нарматыўны даведнік. — Мінск, 2003.
=856 4\$uhttp://ate.nca.by/$zБД "Единый реестр административно-территориальных и территориальных единиц Республики Беларусь".$zДанные по состоянию на 02.06.2014.
=999 \\$g2786$t20111221
=999 \\$g40$t20071120
=999 \\$h1848$t20120119
Чтобы вернуться назад, щелкните кнопку BACK на Вашем браузере